Menjejaki jutawan senyap : silent Millionaire
| Main Author: | |
|---|---|
| Corporate Author: | |
| Format: | Book |
| Published: |
Kuala Lumpur :
Al-Ameen Serve Holdings ,
2005
|
| Subjects: |
MARC
| LEADER | 00000cam a2200000 7i4500 | ||
|---|---|---|---|
| 001 | 0000012031 | ||
| 005 | 20150201.0 | ||
| 008 | 071123 | ||
| 020 | |a 9832334608 | ||
| 090 | 0 | 0 | |a 650.1 |b RUS |
| 100 | 0 | |a Rusly Abdullah | |
| 245 | 1 | 0 | |a Menjejaki jutawan senyap : |b silent Millionaire |c Rusly Abdullah |
| 260 | |a Kuala Lumpur : |b Al-Ameen Serve Holdings , |c 2005 | ||
| 650 | 0 | |a Malay fiction | |
| 650 | 0 | |a Success in business | |
| 710 | 0 | |a Title | |
| 999 | |a 0001004811 |b Book |c Adult Collection |e Perbadanan Perpustakaan Awam Johor | ||